000 00495nam a2200181Ia 4500
005 20250508152249.0
008 008 250505s9999 xx 000 0 eng d
037 _aTextual
040 _aFEDL
_beng
_cFEDL
041 _aeng
_2eng
084 _a613, KIL
_qFEDL
100 _aKilander H Frederick
_9140286
245 0 _aHealth for modern living
260 _aEnglewood Cliffs
_b Prentice-Hall
_c1957
300 _a494p.
942 _cTEXL
_h613, KIL
999 _c1335377
_d1335377